000 00477cam a2200145 4500500
005 20251012011020.0
041 _afre
042 _adc
100 1 0 _aUngerer, Tomi
_eauthor
245 0 0 _aPourquoi faut-il mettre les choses à l’endroit ?
260 _c2012.
500 _a97
786 0 _nPhilosophie magazine | 64 | 11 | 2012-11-01 | p. 2-2 | 1951-1787
856 4 1 _uhttps://shs.cairn.info/magazine-philosophie-magazine-2012-11-page-2?lang=fr&redirect-ssocas=7080
999 _c1521469
_d1521469